| 000 | 00421pam a2200169 a 4500 | ||
|---|---|---|---|
| 020 | _cP.B. | ||
| 041 | _h | ||
| 082 |
_a004 _bZAC/ROU |
||
| 100 | _aZACKER C AND ROURKE J. | ||
| 245 |
_aTHE COMPLETE REFERENCE PC HARDWARE _hTextual Documents |
||
| 250 | _a01-01-2001 | ||
| 260 | _bTATA MC GRAW HILL INT. NEW DELHI | ||
| 300 |
_aXXI/697 _e1 CD |
||
| 500 | _a4850 | ||
| 653 | _aSYSTEM PROGRAMMING (T.E.) | ||
| 930 | _a4443 | ||
| 999 |
_c47668 _d47668 |
||